C Programming and data structures (Record no. 7833)

MARC details
000 -LEADER
fixed length control field 00641 a2200205 4500
010 ## - LIBRARY OF CONGRESS CONTROL NUMBER
LC control number ENG-88201
020 ## - INTERNATIONAL STANDARD BOOK NUMBER
International Standard Book Number 0070660476
Terms of availability 225.00
035 ## - SYSTEM CONTROL NUMBER
System control number EN-71734
037 ## - SOURCE OF ACQUISITION
Source of stock number/acquisition DBAD / PUB
082 14 - DEWEY DECIMAL CLASSIFICATION NUMBER
Classification number 005.13
090 ## - LOCALLY ASSIGNED LC-TYPE CALL NUMBER (OCLC); LOCAL CALL NUMBER (OCLC)
-- 7976
-- 7976
100 1# - MAIN ENTRY--PERSONAL NAME
Personal name Balagurusamy, E
245 1# - TITLE STATEMENT
Title C Programming and data structures
Statement of responsibility, etc by E. Balagurusamy
250 ## - EDITION STATEMENT
Edition statement 3rd ed
260 ## - PUBLICATION, DISTRIBUTION, ETC. (IMPRINT)
Place of publication, distribution, etc New Delhi
Name of publisher, distributor, etc Tata McGraw-Hill Publishing,
Date of publication, distribution, etc 2008
270 ## - ADDRESS
Address 7, West Patel Nagar
Postal code 110 008
300 ## - PHYSICAL DESCRIPTION
Extent various pagings
Dimensions 24 cm (Pbk)
942 ## - ADDED ENTRY ELEMENTS (KOHA)
Institution code [OBSOLETE] dpl
Koha item type English Books
Call number prefix 005.13 / BAL
Holdings
Withdrawn status Lost status Source of classification or shelving scheme Damaged status Not for loan Collection code Home library Current library Source of acquisition Cost, normal purchase price Total Checkouts Full call number Barcode Date last seen Copy number Uniform Resource Identifier Cost, replacement price Price effective from Koha item type
    Dewey Decimal Classification   Not For Loan Non-fiction D.B.Act.Division D.B.Act.Division DBAD/PUB 225.00   005.13 BAL EN-71734 15/09/2008 1 8730 225.00 15/09/2008 English Books

© Delhi Public Library
Hit Counter
free hit counter